| 000 | 00597nam a2200157 i 4500 | ||
|---|---|---|---|
| 001 | 30784 | ||
| 003 | ES-MaACL | ||
| 005 | 20230906154244.0 | ||
| 007 | t| | ||
| 008 | 030127s1925 sp ||||1| spa d | ||
| 100 | 1 |
_aBayo y González-Elipe, José Manuel de. _926699 |
|
| 245 | 1 | 0 |
_aInforme crítico jurídico sobre el Real Decreto del 5 de junio de 1924 para la clasificación y deslinde de las vías pecuarias / _cJosé Manuel de Bayo González-Elipe. |
| 260 |
_aMadrid : _b[s.n., _c1925] ( _fSuc. de M. Minuesa de los Ríos) |
||
| 300 |
_a88 p. ; _c23 cm. |
||
| 852 |
_aES-MaACL _j1686-F-8 _bR.5084 |
||
| 999 |
_c30784 _d30784 |
||